| 000 | 00598cam a22002051 4500 | ||
|---|---|---|---|
| 001 | sa 63001219 | ||
| 003 | DLC | ||
| 005 | 20260227111926.0 | ||
| 008 | 730920s1952 xx 000 0 eng | ||
| 010 | _asa 63001219 | ||
| 035 | _a(OCoLC)692212 | ||
| 040 |
_aDLC _cOAU _dDLC |
||
| 050 | 0 | 0 |
_aPL4758.9.T5 _bT53 1952 |
| 100 | 0 | _aTiruvalluvar. | |
| 245 | 1 | 4 |
_aThe Kural, _bor the maxims of Tiruvalluvar; _ctranslated by V. V. S. Aiyar. |
| 250 | _a3d ed. | ||
| 260 |
_aTiruchirapalli, _bV. V. S. Krishnamurty, _c1952. |
||
| 300 |
_axlix, 287 p. _c19 cm. |
||
| 700 | 1 |
_aAiyar, Va. Vē. Sū., _d1881-1925. |
|
| 999 |
_c53867 _d53867 |
||